Découverte et description des Iles Garbanzos (Carolines) / (Record no. 40043)

MARC details
000 -LEADER
campo de control de longitud fija 01174nam a2200265 i 4500
001 - NÚMERO DE CONTROL
campo de control 40043
003 - IDENTIFICADOR DE NÚMERO DE CONTROL
campo de control ES-MaACL
005 - FECHA Y HORA DE LA ÚLTIMA TRANSACCIÓN
campo de control 20230906160129.0
007 - CAMPO FIJO DE DESCRIPCIÓN FÍSICA--INFORMACIÓN GENERAL
campo de control de longitud fija t|
008 - DATOS DE LONGITUD FIJA--INFORMACIÓN GENERAL
campo de control de longitud fija 030305s1881 fr ||||1| fre d
080 ## - NÚMERO DE LA CLASIFICACIÓN DECIMAL UNIVERSAL
Número de la Clasificación Decimal Universal 908(966)
100 1# - ENTRADA PRINCIPAL--NOMBRE DE PERSONA
Nombre de persona Cantova, J. Antonio.
9 (RLIN) 34694
245 10 - MENCIÓN DEL TÍTULO
Título Découverte et description des Iles Garbanzos (Carolines) /
Mención de responsabilidad, etc. [por el padre] Antonio Cantova ; publiée par Francisco Carrasco ; et traduit de l'espagnol par Eugène Gibert et A. W. Taylor.
260 ## - PUBLICACIÓN, DISTRIBUCIÓN, ETC.
Lugar de publicación, distribución, etc. Paris :
Nombre del editor, distribuidor, etc. Sociète Académique Indo-Chincise,
Fecha de publicación, distribución, etc. [1881?]
300 ## - DESCRIPCIÓN FÍSICA
Extensión 12 p. ;
Dimensiones 25 cm.
500 ## - NOTA GENERAL
Nota general Extrait du Bulletin de la Societé Academique Indo-Chincise, n. 5, juil. 1881.
530 ## - NOTA DISPONIBLE DE FORMULARIO FÍSICO ADICIONAL
Nota de formato físico adicional disponible Disponible también en sitio web.
594 ## - Nota al título y mención de responsabilidad
Nota al título y mención de responsabilidad Título y autor tomados de principio del texto, ejemplar sin portada.
651 #4 - PUNTO DE ACCESO ADICIONAL DE MATERIA--NOMBRE GEOGRÁFICO
Nombre geográfico Carolinas (Islas)-
Subdivisión general Descripción.
9 (RLIN) 150533
700 1# - ENTRADA AGREGADA--NOMBRE PERSONAL
Nombre de persona Carrasco, Francisco.
9 (RLIN) 35527
700 0# - ENTRADA AGREGADA--NOMBRE PERSONAL
Nombre de persona Gibert, Eugéne.
9 (RLIN) 56643
700 1# - ENTRADA AGREGADA--NOMBRE PERSONAL
Nombre de persona Taylor, Arthur Williamson.
9 (RLIN) 133153
852 ## - LOCALIZACIÓN
Ubicación ES-MaACL
Número de control de estantería T-461-F-15
856 ## - LOCALIZACIÓN Y ACCESO ELECTRÓNICOS
Identificador Uniforme de Recursos <a href="http://bibliotecadigitalhispanica.bne.es:80/webclient/DeliveryManager?pid=1930872&custom_att_2=simple_viewer">http://bibliotecadigitalhispanica.bne.es:80/webclient/DeliveryManager?pid=1930872&custom_att_2=simple_viewer</a>
Nota pública Ir a la página
Holdings
Estatus retirado Estado de pérdida Estado de daño No para préstamo Colección Biblioteca de origen Biblioteca actual Ubicación en estantería Fecha de adquisición Fuente de adquisición Total de préstamos Signatura topográfica completa Código de barras Visto por última vez Precio de reemplazo Tipo de ítem Koha
        Colección de folletos Biblioteca del Ateneo de Madrid Biblioteca del Ateneo de Madrid Depósito folletos 17/01/2008     T-461-F-15 1042161 23/02/2023 23/02/2023 Folleto